<?xml version="1.0" encoding="UTF-8"?>
<collection xmlns="http://www.loc.gov/MARC21/slim">
 <record>
  <leader>01874nam a2200277 a 4500</leader>
  <controlfield tag="001">1/48058</controlfield>
  <controlfield tag="008">181130s2007    gr ac    c    00010 gre  </controlfield>
  <datafield tag="020" ind1=" " ind2=" ">
   <subfield code="a">9789608809376</subfield>
  </datafield>
  <datafield tag="035" ind1=" " ind2=" ">
   <subfield code="l">51053</subfield>
  </datafield>
  <datafield tag="040" ind1=" " ind2=" ">
   <subfield code="a">GR-PeUP</subfield>
  </datafield>
  <datafield tag="082" ind1="0" ind2="0">
   <subfield code="a">708 ΟΨΕ</subfield>
  </datafield>
  <datafield tag="245" ind1="0" ind2="0">
   <subfield code="a">Όψεις της μορφής, σημάνσεις του τοπίου :</subfield>
   <subfield code="b">έλληνες ζωγράφοι από τη συλλογή Αντώνη &amp; Αζιας Χατζηιωάννου στη Δημοτική Πινακοθήκη Χανίων /</subfield>
   <subfield code="c">επιμέλεια καταλόγου - κειμένων Ιρις Κρητικού.</subfield>
  </datafield>
  <datafield tag="260" ind1="0" ind2=" ">
   <subfield code="a">Χανιά :</subfield>
   <subfield code="b">Δημοτική Πινακοθήκη Χανίων,</subfield>
   <subfield code="c">2007.</subfield>
  </datafield>
  <datafield tag="300" ind1=" " ind2=" ">
   <subfield code="a">190 σ.</subfield>
   <subfield code="b">εγχρ. εικ., πορτρ..</subfield>
   <subfield code="c">30 εκ.</subfield>
  </datafield>
  <datafield tag="500" ind1=" " ind2=" ">
   <subfield code="a">Κατάλογος έκθεσης που έγινε στη Δημοτική Πινακοθήκη Χανίων απο τις 20 Απριλίου-20 Ιουνίου 2007.</subfield>
  </datafield>
  <datafield tag="505" ind1="0" ind2=" ">
   <subfield code="a">Περιέχει σύντομο βιογραφικό των ζωγράφων.</subfield>
  </datafield>
  <datafield tag="600" ind1="1" ind2="4">
   <subfield code="a">Χατζηϊωάννου, Αντώνης</subfield>
   <subfield code="x">Συλλογές τέχνης</subfield>
   <subfield code="x">Εκθέσεις.</subfield>
  </datafield>
  <datafield tag="600" ind1="1" ind2="4">
   <subfield code="a">Χατζηϊωάννου, Άζια</subfield>
   <subfield code="x">Συλλογές τέχνης</subfield>
   <subfield code="x">Εκθέσεις.</subfield>
  </datafield>
  <datafield tag="650" ind1=" " ind2="4">
   <subfield code="a">Ζωγραφική, Ελληνική</subfield>
   <subfield code="y">21ός αι.</subfield>
   <subfield code="x">Εκθέσεις.</subfield>
  </datafield>
  <datafield tag="650" ind1=" " ind2="4">
   <subfield code="a">Ζωγραφική</subfield>
   <subfield code="x">Ιδιωτικές συλλογές</subfield>
   <subfield code="y">Ελλάδα</subfield>
   <subfield code="x">Εκθέσεις.</subfield>
  </datafield>
  <datafield tag="650" ind1=" " ind2="4">
   <subfield code="a">Συλλέκτες και συλλογές.</subfield>
  </datafield>
  <datafield tag="650" ind1=" " ind2="4">
   <subfield code="a">Painting, Greek</subfield>
   <subfield code="x">21th century.</subfield>
  </datafield>
  <datafield tag="650" ind1=" " ind2="4">
   <subfield code="a">Painting</subfield>
   <subfield code="x">Private collections</subfield>
   <subfield code="z">Greece</subfield>
   <subfield code="x">Exhibitions.</subfield>
  </datafield>
  <datafield tag="650" ind1=" " ind2="4">
   <subfield code="a">Collectors and collecting.</subfield>
  </datafield>
  <datafield tag="710" ind1="1" ind2=" ">
   <subfield code="a">Δημοτική Πινακοθήκη Χανίων.</subfield>
  </datafield>
  <datafield tag="852" ind1=" " ind2=" ">
   <subfield code="a">INST</subfield>
   <subfield code="b">UNIPILB</subfield>
   <subfield code="c">MAIN</subfield>
   <subfield code="e">20181130</subfield>
   <subfield code="h">708 ΟΨΕ</subfield>
   <subfield code="p">00180020</subfield>
   <subfield code="q">00180020</subfield>
   <subfield code="t">LOAN</subfield>
   <subfield code="y">0</subfield>
   <subfield code="4">1</subfield>
  </datafield>
 </record>
</collection>
